Фильмы с Джимом Керри - Армагеддон - Statistics

General Stats
  • This quiz has been taken 47 times
  • The average score is 4 of 15
Answers on the Grid
Answers color-coded by a green-red scale on the quiz's grid according to % correct below.
Правдивая ложь
Вечное сияние чистого разума
Я люблю тебя, Филипп Моррис
Без чувств
Гринч - похититель Рождества
Пипец
Кабельщик
Голый барабанщик
Лжец, лжец
Чокнутый профессор
Бэтмен навсегда
Идиократия
Шоу Трумана
Тупой и ещё тупее тупого
Цвет волшебства
Лемони Сникет: 33 несчастья
Брюс Всемогущий
101 далматинец
Король комедии
Пепец 2
Человек на Луне
Смерть на похоронах
Целитель Адамс
Маска
Роковое число 23
Я, снова я и Ирэн
Нервы на пределе
Полярный экспресс
102 далматинца
Ларри Краун
 
Answer Stats
Answer % Correct
Гринч - похититель Рождества
67%
Вечное сияние чистого разума
59%
Шоу Трумана
48%
Лжец, лжец
41%
Брюс Всемогущий
41%
Кабельщик
26%
Маска
26%
Я, снова я и Ирэн
22%
Я люблю тебя, Филипп Моррис
19%
Роковое число 23
15%
Бэтмен навсегда
11%
Лемони Сникет: 33 несчастья
11%
Пепец 2
4%
Человек на Луне
0%
Нервы на пределе
0%
No matching quizzes found
Score Distribution
Percent of People with Each Score
Percentile by Number Answered
Your Score History
You have not taken this quiz